000 00467nam a2200133Ia 4500
008 220217s9999 xx 000 0 und d
245 0 _aRubber- or plastics-coated fabrics-Determination of resistance to combined shear flexing and rubbing
260 _aGeneva, Switzerland
260 _c2007
_bInternational Organization for Standardization
490 _aInternational Standard
500 _aStandard number: ISO 5981. Ed3
650 _aRubber&Plastics
942 _cST
999 _c74169
_d74169